000 00444nam a2200181Ia 4500
001 23369
005 20260414150932.0
008 260414t2016||||xx |||||||||||||| ||spa||
041 _aESP
082 _a629.892
_bP78
100 _aPorcuna López, Pedro
_eAUT
245 0 _aRobótica y domótica básica con Arduino
_b
260 _c2016
300 _a384 páginas :
_c24 cm.
650 _aCNM
654 _aCCN
942 _cLIB
_dJUS
_fJUS
_2ddc
_n
999 _c23369
_d23369